| 000 | 00577nam a22001937a 4500 | ||
|---|---|---|---|
| 003 | OSt | ||
| 005 | 20260304083336.0 | ||
| 008 | 260304b |||||||| |||| 00| 0 eng d | ||
| 020 | _a978-621-478-058-7 | ||
| 040 |
_aDWC-Admin lib _cOC |
||
| 082 | _aFil. 978-621-478-058-7 | ||
| 100 | _aStevens, Connie A. | ||
| 245 |
_aFranchising / _cStevens, Connie A. |
||
| 260 |
_aManila, Philippines: _bEdric Publishing House, _cc2024. |
||
| 300 |
_a93 pages: _c25 cm. |
||
| 504 | _aIncludes bibliographical references. | ||
| 650 | _a1. Franchise. | ||
| 942 |
_2ddc _cBK - FIL _hFil. _n0 |
||
| 999 |
_c8632 _d8632 |
||